Lesfoules de Lourdes (Registro nro. 85954)

Detalles MARC
000 -ENCABEZADO
Número de control [NR] 00724nam a22002057a 4500
008 - DE LONGITUD FIJA DE DATOS DE ELEMENTOS - INFORMACIÓN GENERAL
Elementos de longitud fija [NR] 130821s1909 fr gr fre
040 ## - FUENTE DE CATALOGACION [NR]
Agencia de catalogación original [NR] Co-BoUCM
Idioma de catalogación [NR] spa
041 00 - CODIGO DE IDIOMA [R]
Código de idioma para texto/pista de sonido o título separado [R] Francés
100 ## - ASIENTO PRINCIPAL--NOMBRE PERSONAL [NR]
Nombre personal [NR] Huysmans, Joris-Karl
Fechas asociadas con el nombre [NR] 1848-1907
ID Autoridad 109793
245 04 - MENCION DE TITULO [NR]
Título [NR] Lesfoules de Lourdes
Mención de responsabilidad, etc. [NR] Joris Karl Huysmans
250 ## - MENCION DE EDICION [NR]
Mención de edición [NR] 28a ed.
260 ## - PUBLICACION, DISTRIBUCION, ETC. (PIE DE IMPRENTA) [R]
Lugar de publicación, distribución, etc. [R] París (Francia)
Nombre del editor, distribuidor, etc. [R] Librairie Plon Nourrit
Fecha de publicación, distribución, etc. [R] 1909
300 ## - DESCRIPCION FISICA [R]
Extensión [R] 314 páginas
600 ## - ASIENTO SECUNDARIO DE MATERIA - NOMBRE PERSONAL [R]
Nombre personal [NR] Virgen María
Subdivisión general [R] Teología
9 (RLIN) 894
600 ## - ASIENTO SECUNDARIO DE MATERIA - NOMBRE PERSONAL [R]
Nombre personal [NR] Virgen María
Subdivisión general [R] Teología
-- Apariciones y milagros
9 (RLIN) 145643
600 ## - ASIENTO SECUNDARIO DE MATERIA - NOMBRE PERSONAL [R]
Nombre personal [NR] Virgen María
Subdivisión general [R] Teología
-- Leyendas
9 (RLIN) 149561
650 04 - ASIENTO SECUNDARIO DE MATERIA - TERMINO TEMATICO [R]
Término temático o nombre geográfico como elemento de entrada [NR] Apariciones y milagros
9 (RLIN) 9233
942 ## - ELEMENTOS DE ENTRADA AGREGADOS (KOHA)
Tipo de ítem principal el descrito en 300a Libro
Tema principal Religión
Edición 28
Parte restante de la signatura top. H89
Título oculto en OPAC No
Sistema de clasificación DEWEY
Clasificación 232.91
Existencias
Signatura topográfica Código de barras Última vez visto Volúmen / Fascículo Ejemplar Price effective from Tipo de ítem Perdido Sistema de clasificación Dañado No prestable Tipo de ítem específico Suprimido Ubicación habitual Ubicación actual Localización Fecha de creación Forma de adquisición Costo
FCS 232.91 H89 120001433 09/07/2012 28A.ED. Ej.1 03/02/2013 Libro   DEWEY     Fondos especiales     Archivo Histórico Archivo histórico 28/02/2003 Donación 1000.00